000
00310nam a22001457a 4500
008
210309b ||||| |||| 00| 0 eng d
020
_a
9780176581107
041
_a
eng
080
_a
159.9
082
_2
159.9
100
_a
48
101
_a
PSI
245
_a
Clinical Psychology
_c
Nelson
942
_2
udc
_c
BK
999
_c
56029
_d
56029